000 01079nam a2200277 a 4500
005 20160206134331.0
008 160206s2007 ck ao gr|||| 000 0 spa d
020 _a9588317113
040 _aCO-BoIAVH
_cCO-BoIAVH
041 0 _aspa
044 _ack
082 _a583.765
_bH55a
100 1 _aHernández Gómez, María Soledad
245 1 0 _aManual de manejo de cosecha y postcosecha de frutos de Arazá (Eugenia stipitata Mc. Vaught) en la Amazonia Colombiana /
_cSINCHI, ASOHECA
260 _aBogotá :
_bSINCHI,
_c2007.
300 _a64 páginas :
_bIlustraciones, fotografías;
_c24 x 17 cm.
650 1 6 _aArazá (Eugenia stipitata, Mc Vaugh)
650 2 4 _aArazá (Eugenia stipitata, Mc Vaugh)
_xPreservación
650 2 4 _aAlmacenamiento de alimentos
_xFrutas tropicales
662 _aColombia
_cAmazonía
700 1 _aBarrera García, Jaime Alberto
700 1 _aFernández Trujillo, Juan Pablo
700 1 _aCarrillo Bautista, Marcela Piedad
700 1 _aBardales Infante, Ximena Leticia
942 _cLIBRO
_2ddc
999 _c5897
_d5897